Normal view MARC view
  • Guardia, Miguel

Entry Nombre Personal

Number of records used in: 1

001 - NUMERO DE CONTROL

  • campo de control: 50571

003 - IDENTIFICADOR DE NUMERO DE CONTROL

  • campo de control: MX-MxUPN

005 - FECHA Y HORA DE LA ÜLTIMA TRANSACCIÓN

  • campo de control: 20231107191200.0

008 - DATOS DE LONGITUD FIJA

  • campo de control de longitud fija: 231107nn acnnnaabn n aaa d

040 ## - FUENTE DE CATALOGACIÓN

  • Agencia original de catalogación: MX-MxUPN
  • Lenguaje de catalogación: spa

100 1# - ENCABEZAMIENTO - NOMBRE PERSONAL

  • Nombre personal: Guardia, Miguel

670 ## - FUENTE EN LA QUE SE LOCALIZARON DATOS

  • Cita de la fuente: La gaviota, 1978 :
  • Información localizada: portada (Miguel Guardia)

902 ## - CATALOGADOR

  • Catalogador: VíctorGodínez/071123